000 00299nam a22001457a 4500
008 210310b ||||| |||| 00| 0 eng d
020 _a0060166940
041 _aeng
080 _a32
082 _a32
100 _a21
101 _aSHP
245 _aAmerican Originals
_cWard,G
942 _2udc
_cBK
999 _c56125
_d56125